00476nam a22001697a 450000500170000001000130001702000260003003500130005603700130006908200080008210000180009024500730010825000120018126000310019327000510022430000310027520190711105126.0 aB-728457 a9789352832200c525.00 aB-728457 bRK Books a000 aAggarwal,R.S. aS. Chand's advanced objective general knowledge / cby R.S. Aggarwal arev. ed aNew DelhibS. Chand c2018 a7361, Ram Nagar, Qutub RoadbNew Delhie110055v avarious pagingsc27cm(pbk)